00422nam a2200169Ia 4500008004100000020001800041245002200059245005600081260001500137260001600152260000900168300001400177300002500191300001000216500000700226999001900233170705s9999 xx 000 0 und d a9780590115073 aWinter is here! / cby Kimberly Weinberger ; illustrated by Jill Dubin. aNew York : bScholastic, c1997 aunpaged : bcolor illustration ; c23cm. aBR c337209d337209